[Event "Groningen Harmonie"]
[Site "Groningen"]
[Date "2002.12.26"]
[Round "5"]
[White "Ernst, Sipke"]
[Black "Li, Wenliang"]
[Result "1/2-1/2"]
[WhiteElo "2497"]
[BlackElo "2497"]
[Annotator "Ribli,Z"]
[PlyCount "133"]
[EventDate "2002.12.21"]
[EventType "tourn"]
[EventRounds "9"]
[EventCountry "NED"]
[EventCategory "10"]
[SourceTitle "CBM 093"]
[Source "ChessBase"]
[SourceDate "2003.04.01"]
[SourceVersion "1"]
[SourceVersionDate "2003.04.01"]
[SourceQuality "1"]

1. d4 Nf6 2. c4 e6 3. g3 d5 4. Nf3 dxc4 5. Bg2 Nc6 6. Qa4 Bb4+ (6... Nd7 7.
Qxc4 Nb6 {Das ist die andere - heutzutage nicht so oft gespielte - Variante.})
7. Bd2 Bd6 {Mit diesem Zug - der von Kramnik in die Turnierpraxis eingeführt
wurde, (Karpov,A-Kramnik,V Wijk aan Zee 1998) - möchte Schwarz nachfolgend den
Vorstoß e6-e5 durchsetzen helfen. Ich merke an, dass der Plan e6-e5 gar nicht
typisch für die Katalanische Eröffnung ist.} (7... Nd5 {Das ist die gewöhnlich
gespielte Fortsetzung, die zu kompliziertem Spiel führt.}) 8. Ne5 (8. O-O O-O
9. Qxc4 e5 $11) 8... Bxe5 9. dxe5 {Diese natürliche Fortsetzung stellt
wahrscheinlich nicht die beste Möglichkeit für Weiß dar. Nach meiner Meinung
gibt der Zwischenzug 9.Bxc6+!? Weiß bessere Chancen auf Vorteil als der
Partiezug. Aber das ist immer eine schwere Entscheidung, sich vom
katalanischen Läufer zu trennen.} (9. Bxc6+ $5 bxc6 10. dxe5 Qd5 11. f3 Nd7 12.
Nc3 Qc5 (12... Qxe5 13. Qxc6 Rb8 14. Bf4 Qd4 15. Qxc7 O-O 16. Rd1 Qb6 17. Qxb6
Rxb6 18. Bd6 Re8 19. Ba3 {1-0 Ilincic,Z-Marjanovic,S/Vrnjacka Banja 1998/EXT
2002 (38)}) 13. f4 O-O 14. O-O-O Rb8 15. Ne4 $5 (15. Kb1 a5 16. Ne4 Qb5 17. Qc2
Re8 18. Bc3 a4 19. a3 Qb3 20. Kc1 Qxc2+ 21. Kxc2 c5 22. Rhe1 Bb7 23. Nd2 Nb6 {
0-1 Wojtkiewicz,A-Gustafsson,J/New York 2000/CBM 76 ext (41)}) 15... Qb5 16.
Qc2 c3 (16... Rd8 17. Be3 Bb7 18. Bxa7 Ra8 19. Nc3 Qa6 20. Bf2 c5 21. e4 Bc6
22. g4 Qa5 23. Rd2 Nb6 24. Rhd1 Rxd2 25. Rxd2 Na4 26. Nxa4 Qxa4 27. Qxa4 Bxa4
28. Bxc5 {1-0 Crisan,A-Rajkovic,D/Kladovo 2001/CBM 83 ext (40)}) 17. Bxc3 Nb6
18. Ng5 g6 19. h4 Nd5 20. h5 Ne3 21. Qe4 Nxd1 22. Rxd1 Kg7 23. g4 $44 {1-0
Bauer,C-Ippolito,D/New York 2000/CBM 76 ext (34)}) 9... Nd5 10. Qxc4 Nxe5 11.
Qc2 $44 {Weiß hat einen Bauern weniger, dafür besitzt er das Läuferpaar und
nachfolgend kann er die schwarzen Springer von e5 und d5 verjagen. Obwohl die
schwarze Stellung etwas passiv aussieht, ist sie sehr fest und weist sie keine
Schwächen auf.} O-O 12. O-O Qe7 (12... b6 $5 {[%cal Gc8b7,Gb7g2]} 13. Rd1 c5 (
13... Bb7 $2 14. e4 Ne7 15. Bf4 Nd7 16. Qxc7 $16) 14. e4 Ne7 15. Bc3 Qc7 $15)
13. Nc3 Rd8 (13... Nxc3 $6 14. Bxc3 $44 {[%csl Gc3,Gg2]}) 14. Rfd1 c6 (14... c5
15. Nxd5 exd5 16. Ba5 b6 17. Rxd5 Rxd5 (17... Bb7 $2 18. Rxe5 $1 Qxe5 19. Bxb7
bxa5 20. Bxa8 Rxa8 21. Rd1 $14) 18. Bxd5 Bb7 19. Bxb7 Qxb7 20. Bc3 Re8 $11) (
14... Nc4 $5) 15. Na4 {[%cal Ga4c5] Weiß hat etwas Initiative für den Bauern,
aber ich bin gar nicht sicher, ob seine Kompensation genügend ist.} Bd7 16. e4
Nb6 17. Nc5 (17. Nxb6 axb6 18. Bc3 $44) 17... Be8 18. b3 $2 {Dieser Zug ist
gegen Nc4 gerichtet, aber das ist keine Verteidigung.} (18. b4 Nbc4 19. Bc3 b6
20. Nb3 $44) {[#]} 18... Nec4 $1 $15 {[%mdl 64]} 19. bxc4 (19. Bb4 $2 a5 $17)
19... Qxc5 {Jetzt ist die schwarze Bauernstruktur deutlich besser und er hat
einen Bauern mehr, aber wegen des Läuferpaars hat Weiß immernoch Chancen auf
Gegenspiel.} 20. Bf1 Qh5 21. c5 Nd7 22. Be3 {[%csl Gc5,Ge3]} b6 $6 {Schwarz
moechte den hemmenden Pc5 tauschen.} (22... Ne5 23. h3 Nf3+ 24. Kg2 Ng5 25. Kh2
$132) 23. cxb6 Nxb6 (23... axb6 24. Qxc6 $11) 24. Rxd8 (24. a4 Rxd1 25. Rxd1 c5
$15) 24... Rxd8 25. a4 $132 {[%cal Ga4a5] Weiß droht am Damenflügel mit 26.a5
aktiv zu spielen, weil die schwarzen Figuren sehr passiv stehen, besonders der
Be8.} c5 26. a5 {Interessant - Weiß ist nicht zufrieden mit dem Rückgewinn des
Bauern. Weiß hat deutlichen Druck am Damenflügel.} (26. Qxc5 Qxc5 27. Bxc5 Nxa4
28. Bxa7 Nc3 29. f3 Bb5 $11 (29... Nb5 $11)) 26... Nd7 27. Be2 Qe5 {[%cal
Ge5c7]} (27... Qg6 28. Rb1 $36) 28. Rd1 Qc7 29. Qc3 (29. Bxc5 $4 Rc8 $19 (29...
Nxc5 30. Rxd8 Qxd8 31. Qxc5 $14)) 29... Rc8 30. Rc1 Qb7 31. f3 h6 32. Kf2 f6 {
[%cal Ge8f7] Endlich! Schwarz möchte seine e8-Läuferstellung verbessern und
Bf7 spielen.} 33. Qc4 Bf7 34. Qa6 Qc7 (34... Qxa6 35. Bxa6 Rc7 36. Bb5 $14) 35.
Rb1 (35. Bc4 Nb8 36. Qb5 $44) 35... Rb8 36. Rd1 $6 (36. Rxb8+ $1 Nxb8 (36...
Qxb8 37. Qc6 $16) 37. Qb5 Nd7 38. a6 $16 {[%csl Ga6,Gb5,Ge2,Ge3][%cal Rb5b7]})
36... Ne5 37. Qd6 Qxd6 (37... Rc8 38. f4 $14) 38. Rxd6 Rc8 39. Ba6 (39. f4 $14)
39... Rc7 40. Bb5 $6 (40. Rd8+ Kh7 41. Rc8 Rxc8 42. Bxc8 Nc4 43. Bxc5 Nxa5 44.
Bxa7 $11) 40... c4 $15 {[%csl Gc4][%cal Gc4c3] Ploetzlich wird der schwarze
c-Bauer ein wichtiger Faktor in der Partie. Jetzt muss Weiß wieder an die
Verteidigung denken.} 41. Rd8+ Kh7 42. a6 c3 43. Rb8 c2 44. Bc1 {Weiß muss den
c-Bauern blockieren.} (44. Rb7 Rc3 (44... c1=Q 45. Bxc1 Rxc1 46. Rxa7 $17) 45.
Bc1 Rxf3+ 46. Ke1 Bg6 $17 {[%csl Re1][%cal Rg6e4]}) 44... Rc3 45. Be2 Nd3+ (
45... Bh5 46. g4 Bg6 $15) 46. Bxd3 Rxd3 47. Rc8 {[%cal Rc8c2]} Rd6 {[%cal
Rd6a6]} 48. Rxc2 Rxa6 {[%mdl 4096] Wir haben ein Endspiel, in dem Schwarz
einen Bauern mehr hat. Wegen der Anwesenheit der ungleichfarbigen Läufer hat
Weiß dennoch gute Remischancen, aber die Türme erhöhen die schwarzen
Gewinnaussichten. Allerdings kontrolliert der weiße Läufer das Umwandlungsfeld
des schwarzen a-Bauern.} 49. Be3 Be8 50. Rc7 Ra2+ 51. Kg1 a5 52. Bc5 {[%csl
Rg7][%cal Rc5f8]} Rc2 (52... Kg8 53. Rc8 Kf7 54. Rc7+) 53. Bd6 Rxc7 54. Bxc7 a4
{Der schwarze a-Bauer ist nur scheinbar stark, Weiß kann ihn mit dem Läufer
immer leicht blockieren.} 55. Bd6 {[%cal Gd6a3] Dieses Endspiel ist
theoretisch Remis in den Endspielbüchern: Wegen der ungleichfarbigen Läufer
auf dem Brett kann Schwarz seinen Mehrbauern nicht verwerten.} e5 56. Kf2 Kg8
57. Ke3 Kf7 58. h4 h5 59. f4 Ke6 60. Ba3 Bc6 61. fxe5 Kxe5 (61... fxe5 62. Bb4
$15) 62. Bb2+ Ke6 63. Kd4 Bb5 64. Ba3 Bc6 65. Bb2 g5 66. Bc1 $1 $11 ({Nicht
aber} 66. hxg5 $2 fxg5 67. Bc1 h4 $1 (67... g4 68. Bg5 a3 69. Kc3 Ba4 70. Bc1
a2 71. Kb2 $11) 68. gxh4 gxh4 69. Bf4 a3 70. Kc3 Ba4 $1 $17 {[%csl Rc3] Der
weiße König steht schrecklich auf c3 und er hat keine Bewegungsmöglichkeiten,
so dass der a-Bauer ungehindert zur Dame wird.}) 66... gxh4 (66... g4 $11) 67.
gxh4 1/2-1/2

[Event "Bundesliga 0203"]
[Site "Germany"]
[Date "2003.03.??"]
[Round "14.2"]
[White "Stohl, Igor"]
[Black "Sokolov, Andrei"]
[Result "0-1"]
[WhiteElo "2547"]
[BlackElo "2587"]
[Annotator "Ribli,Z"]
[PlyCount "80"]
[EventDate "2002.10.19"]
[EventType "team-tourn"]
[EventRounds "15"]
[EventCountry "GER"]
[SourceTitle "CBM 095"]
[Source "ChessBase"]
[SourceDate "2003.07.25"]
[SourceVersion "1"]
[SourceVersionDate "2003.07.25"]
[SourceQuality "1"]
[WhiteTeam "Neukoelln"]
[BlackTeam "Tegernsee"]
[WhiteTeamCountry "GER"]
[BlackTeamCountry "GER"]

1. d4 Nf6 2. c4 e6 3. g3 d5 4. Bg2 dxc4 5. Nf3 c5 {Der Franzoesische
Grossmeister spielt praktisch immer diese Variante gegen die Katalanische
Eroeffnung.} 6. O-O Nc6 7. Qa4 (7. Ne5 Bd7 8. Na3 {Diese Variante ist
heutzutage in Mode, die Textfortsetzung wird relativ selten gespielt.}) 7...
Bd7 8. Qxc4 b5 (8... cxd4 9. Nxd4 Rc8 10. Nc3 $14) 9. Qd3 Rc8 10. dxc5 Bxc5 11.
Nc3 b4 (11... O-O $6 12. Bg5 Nb4 13. Bxf6 gxf6 14. Qd2 $16 (14. Qe4 $16)) (
11... Nb4 12. Qd1 Bc6 13. Bg5 $14) 12. Nb5 {Das ist die Abweichung von der
frueheren Partie zwischen denselben Spielern. Dort zog Weiss 12.Ne4 und die
Partie endete schnell remis.} (12. Ne4 Nxe4 13. Qxe4 Ne7 $5 14. Be3 Qb6 15.
Bxc5 {1/2-1/2 Stohl,I-Sokolov,A/Germany 2002/EXT 2003 (15)}) 12... O-O 13. Nd6
(13. Be3 $5 Bxe3 14. Qxe3 Ne7 15. Rfd1 (15. Nd6 Rc7 16. Ne5 Bc6 17. Nxc6 Qxd6
18. Nxe7+ Qxe7 19. Rfc1 Rfc8 20. Rxc7 Rxc7 21. a3 {1/2-1/2 Ehlvest,J-Sokolov,A/
Belfort 1988/CBM 08 (21)}) 15... Ned5 16. Qd3 Qb6 17. Nbd4 h6 18. e4 Ne7 19. e5
Nfd5 20. Bf1 Rc7 21. Qe4 Rfc8 {1/2-1/2 Jussupow,A-Sokolov,A/Riga 1986/
Candidates (38)}) 13... Nd4 14. Bf4 Nd5 15. Ng5 (15. Be5 Nxf3+ 16. Bxf3 (16.
Qxf3 f6 $1 $17 17. Bf4 Nxf4 18. Qxf4 g5 $1 19. Qd2 Ba4 $1 {0-1 Balashov,
Y-Ljubojevic,L/Buenos Aires 1980/MCL/[Chekhov] (31)}) 16... Qg5 17. Nc4 Bb5 18.
h4 Qe7 19. b3 Rfd8 20. Qc2 Nb6 {1/2-1/2 Khalifman,A-Dokhoian,Y/Germany 1991/
GER-chT (61)}) 15... g6 16. Nge4 (16. Nxc8 Bb5 $17) 16... Nxf4 17. gxf4 Bb6 18.
Nxc8 (18. Rfd1 $6 Rc7 19. e3 f5 20. Ng5 Qe7 $13) 18... Bb5 19. Qd2 $1 $146 {
[%csl Gd2][%cal Gd2b4][%mdl 4] Dieser Damezug ist eine sehr starke Neuerung.
Es ist schwer fuer Schwarz, wenn moeglich, dass Spiel auszugleichen.} (19. Qh3
Nxe2+ 20. Kh1 Qxc8 21. Qh6 f6 $8 22. f5 $1 exf5 23. Nd6 Qc5 24. Nxb5 Qxb5 25.
Rad1 (25. Rfe1 $1 Bxf2 26. Rxe2 Qxe2 27. Bd5+ Rf7 28. Rc1 Qe8 29. Rc7 Qe1+ 30.
Kg2 Qg1+ 31. Kf3 Qg4+ 32. Kxf2 Qd4+ 33. Kf1 Qd1+ $11) 25... Nd4 26. Rfe1 Qd7
$44 {0-1 Alburt,L-Andersson,U/Hastings 1980/MCD (41)}) 19... Qxc8 (19... Nxe2+
20. Kh1 Qxc8 (20... Qxd2 21. Ne7+ Kg7 22. Nxd2 {In dieser Stellung Weiss hat
einen Turm mehr.} Nxf4 23. Rfc1 Nd3 24. Bf1 Nxc1 (24... Nxf2+ 25. Kg2 $18) 25.
Bxb5 Rd8 26. Nc4 Nd3 27. Nxb6 axb6 28. Bxd3 Rxd3 29. Kg2 $16) 21. f5 (21. Qxb4
Qc4 22. Qd6 $16) 21... exf5 22. Nf6+ Kg7 (22... Kh8 $2 23. Qh6 $18) 23. Nd5 $16
) 20. e3 $1 {Weiss spielt einfach und gut. Er gibt die Qualitaet zurueck und
frueher, oder spaeter gewinnt er den b4-Bauern.} (20. Rfe1 Rd8 21. Qxb4 Qc7 $44
{[%cal Gb6a5,Ga5e1,Gc7f4]}) 20... Bxf1 21. Rxf1 f5 (21... Nc6 22. Rc1 Rd8 23.
Qe1 $16) 22. Ng3 $1 {[%csl Rb4,Rd4][%cal Gg3e2] Das ist der beste Platz fuer
den Springer, weil Weiss dadurch das e2-Feld kontrolliert und der gegnerische
Springer getauscht werden kann.} (22. Ng5 h6 23. Nh3 Qc2 $132) 22... Qc2 (22...
Nc6 23. Qd6 (23. Rc1 Qd8 24. Qe1 Ne7 25. Qxb4 $16) 23... Na5 24. Qxb4 $16) 23.
Qxb4 $16 {Weiss hat einen Bauern mehr und die schwarze Koenigsstellung ist
geschwaecht.} (23. Qe1 Nc6 24. Bxc6 Qxc6 25. Qxb4 Rd8 $44) 23... Ne2+ 24. Nxe2
Qxe2 25. a4 $1 {Das ist eine gute Idee - Weiss mobilisiert seine
Bauernmehrheit am Damenfluegel.} (25. Qe7 Qxb2 26. Qxe6+ Kg7 27. Rd1 Rf7 28.
Bd5 Rc7 $14) 25... Qc2 26. a5 Bc5 27. Qb5 {[%cal Rb2b4]} Be7 {[%cal Ge7h4,
Gh4f2]} 28. Qd7 {[%csl Ra7,Gd7,Re6] Die weisse Dame steht sehr aktiv, Schwarz
hat viele Schwächen in seiner Stellung.} Bh4 {Ich bemerke, dass in dieser
Stellung Weiss hatte 41, Schwarz nur 4 Minuten.} 29. Qxa7 $1 $18 {Weiss hat
schon zwei Bauern mehr und er steht auf Gewinn.} (29. Qxe6+ $16) 29... Rd8 {
[%csl Rf2][%cal Rd8d2,Rc2f2] Die einzige Gegenchance fuer Schwarz ist der
Angriff gegen den f2-Bauern.} 30. Qb7 $1 Rd2 31. a6 $6 {Dieser Zug ist noch
nicht schlecht, aber Weiss hatte hier einen forcierten Gewinn.} (31. Qa8+ $1
Kg7 32. Qf3 Qxb2 33. a6 Qa2 34. Qb7+ Kh6 35. a7 Rxf2 36. Kh1 (36. a8=Q $4 Rxf1+
$19) 36... Rxg2 37. a8=Q Rxh2+ 38. Kg1 Qe2 39. Qf3 $18) 31... Rxf2 32. Ra1 (32.
Kh1 $1 Rxf1+ 33. Bxf1 Qf2 34. Qc8+ Kg7 35. Qc1 $18) 32... Rd2 {[%cal Rh4f2,
Yd2d1]} 33. h3 $2 (33. Rf1 Rf2 34. Kh1 $1) 33... Bf2+ 34. Kh2 Rd1 $1 $11 {
[%csl Rh2][%mdl 128]} 35. Qb8+ $2 {Nach diesem Zug ist es plötzlich Weiss, der
die Partie nicht mehr halten kann.} (35. Qb5 {[%cal Gb5e8]} Bg1+ $1 (35... Rxa1
$2 36. Qe8+ Kg7 37. Qe7+ Kg8 (37... Kh6 38. Qf8+ Kh5 39. Bf3+ Kh4 40. Qh6#) 38.
Qxe6+ Kf8 39. Qf6+ $18) 36. Kh1 Bxe3+ 37. Rxd1 Qxd1+ 38. Bf1 Kg7 39. Qe5+ Kh6
40. Qxe3 Qxf1+ 41. Qg1 Qxa6 (41... Qxf4 42. a7) 42. Qg5+ Kg7 43. Qe7+ $11)
35... Kg7 36. Rxd1 Qxd1 37. h4 Bg1+ $19 {[%csl Rb8,Rh2] Ploetzlich steht
Schwarz auf Gewinn, der weisse Koenig und die Dame stehen schrecklich schlecht.
} 38. Kh1 (38. Kg3 Qg4#) 38... Bf2+ $138 (38... Bxe3+ $19) 39. Kh2 Bg1+ 40. Kh1
Bxe3+ (40... Bxe3+ 41. Kh2 Bg1+ 42. Kg3 (42. Kh1 Ba7+ $19) 42... Qg4#) 0-1

[Event "Julian Borowski-A 4th"]
[Site "Essen"]
[Date "2002.05.17"]
[Round "2"]
[White "Fridman, Daniel"]
[Black "Zvjaginsev, Vadim"]
[Result "0-1"]
[WhiteElo "2571"]
[BlackElo "2645"]
[Annotator "Ribli,Z"]
[PlyCount "76"]
[EventDate "2002.05.16"]
[EventType "tourn"]
[EventRounds "9"]
[EventCountry "GER"]
[EventCategory "16"]
[SourceTitle "CBM 090"]
[Source "ChessBase"]
[SourceDate "2002.09.20"]
[SourceVersion "1"]
[SourceVersionDate "2002.09.20"]
[SourceQuality "1"]

1. d4 Nf6 2. Nf3 d5 3. c4 e6 4. g3 dxc4 5. Bg2 a6 6. Bg5 $6 {[%mdl 8] Statt
dieser Fortsetzung sind die bekannte Züge 6.0-0 oder 6.Ne5. Nach dem Textzug
hat Weiß keine Hoffnungen auf Eröffnungsvorteil.} Be7 7. Nc3 Nbd7 $11 {Mit
einfachen Zügen erreicht Schwarz eine bequeme Stellung.} 8. Nd2 (8. a4 $5) 8...
Nb6 {Auf diese Weise verteidigt Schwarz den Bauern c4.} 9. e3 e5 $1 10. Bxf6 (
10. dxe5 Ng4 11. Bxe7 Qxe7 12. O-O Nxe5 {[%cal Ge5d3] Schwarz hat einen Bauern
mehr und das Feld d3 ist geschwächt in der weißen Stellung.}) 10... Bxf6 11. d5
Be7 $1 {[%cal Ge7b4,Gb4c3] Schwarz möchte seine Läuferstellung verbessern -
der Läufer strebt nach b4, wonach der d5P schwach wird.} 12. Qe2 {[%cal Gd2c4]}
Bb4 13. Nxc4 (13. e4 Bd7 14. Nxc4 $4 Bb5 $19 {[%csl Rc4][%cal Rb5e2]}) {[#]}
13... Bh3 $1 $15 {[%mdl 64] Ein sehr starker Zug, wonach Weiß große Probleme
hat.} 14. Bf3 (14. Bxh3 Qxd5 {[%cal Rd5c4,Rd5h1]} (14... Bxc3+ 15. bxc3 Qxd5
$17 {[%cal Rd5h1,Rd5c4]}) 15. O-O Qxc4 $17) 14... O-O {Schwarz hat aktives
Figurenspiel, während es es nicht klar ist, wohin Weiß rochieren kann.} 15. e4
(15. Nxb6 cxb6 16. Qc4 Qe7 $15) 15... c6 $1 {Schwarz öffnet die Stellung, das
ist logisch, denn er hat Entwicklungsvorteil und das Läuferpaar.} 16. Nxb6 (16.
dxc6 Qd4 $17) 16... Qxb6 17. Bg4 {Dieser Zug verliert bereits einen Bauern,
aber guter Rat war schon teuer.} (17. O-O-O Bxc3 18. bxc3 cxd5 19. exd5 (19.
Rxd5 Rac8 $17) 19... Rac8 $17) 17... Bxc3+ 18. bxc3 Qa5 $1 {[%cal Ra5c3,Ra5d5]}
(18... Bxg4 19. Qxg4 Qa5 20. Qf3 cxd5 21. exd5 e4 $17) 19. Rc1 (19. Bxh3 Qxc3+
$19) 19... Bxg4 20. Qxg4 cxd5 21. exd5 Qxd5 $17 {[%cal Rd5a2,Rd5h1]} 22. O-O
Qxa2 23. Qe4 {[%cal Re4e5,Re4b7] Mit diesem Doppelangriff kann Weiß einen
Bauern zurückgewinnen.} b5 24. Qxe5 Rfe8 25. Qd4 Qe2 26. Ra1 (26. Rfe1 Qxe1+
27. Rxe1 Rxe1+ 28. Kg2 Rae8 $19) 26... h5 27. Rfd1 Re6 28. Qd5 Rae8 {[%cal
Ge8e1] Schwarz kontrolliert die e-Linie und er hat Angriffschancen am
Königsflügel.} 29. Rd2 Qg4 30. Rd4 Qh3 31. Rdd1 h4 32. Qg2 Qf5 (32... Qxg2+ $6
33. Kxg2 {Nach dem Damentausch bekäme Weiß einige Rettungschancen.}) 33. Qf1
Qf3 34. Rd3 Qc6 35. Rc1 a5 $19 {[%csl Ga5][%cal Ga5a4] Der a-Bauer entscheidet
die Partie - Weiß hat keine Verteidigung.} 36. gxh4 a4 37. Rg3 a3 38. Rg5 Re2
0-1

[Event "FRA-ch"]
[Site "Aix les Bains"]
[Date "2003.08.23"]
[Round "6"]
[White "Chabanon, Jean Luc"]
[Black "Lautier, Joel"]
[Result "0-1"]
[WhiteElo "2498"]
[BlackElo "2677"]
[Annotator "Ribli,Z"]
[PlyCount "74"]
[EventDate "2003.08.18"]
[EventType "tourn"]
[EventRounds "11"]
[EventCountry "FRA"]
[EventCategory "13"]
[SourceTitle "CBM 097"]
[Source "ChessBase"]
[SourceDate "2003.11.11"]
[SourceVersion "1"]
[SourceVersionDate "2003.11.11"]
[SourceQuality "1"]

1. d4 d5 2. c4 e6 3. Nf3 Nf6 4. g3 dxc4 5. Bg2 Nc6 {Dieser Zug ist sehr
populär in der letzten Zeit. Im Falle von 6.0-0 kann Schwarz 6...a6 ziehen mit
der Idee Rb8 und b7-b5.} 6. Qa4 Bb4+ {Die andere Spielweise für Schwarz ist 6..
.Nd7 7.Qxc4 Nb6 8.Qd3 e5.} 7. Bd2 Nd5 (7... Bd6) 8. Qb5 {Dieser Fortsetzung
ist ein seltener Gast in der Turnierpraxis. Die gewöhnliche Alternative ist 8.
Bxb4 Ndxb4 9.0-0, oder 9.a3.} O-O (8... Bxd2+ 9. Nbxd2 c3 10. bxc3 Nxc3 11. Qd3
Nd5 12. O-O O-O 13. Rac1 $44) (8... Be7 $5) 9. Qxc4 Nb6 10. Qd3 e5 (10... Bxd2+
11. Nbxd2 e5 12. Nxe5 {Diese Zugfolge fuehrt - mit Zugumstellung - zu unsere
Partiefortsetzung.}) 11. Nxe5 Bxd2+ 12. Nxd2 Nxd4 $146 {Schwarz nimmt den
Zentrumsbauern mit dem Springer und plant danach die Aktivität des g2-Läufers
mit c7-c6 einzuschränken.} 13. e3 {Weiß muss den Springer sofort verjagen,
sonst - im Falle von 13.0-0 - bekommt Schwarz bereits das bessere Spiel.} (13.
O-O f6 14. Nec4 (14. Nef3 Nxf3+ 15. Nxf3 (15. Bxf3 Qxd3 16. exd3 c6 $15) 15...
Qxd3 16. exd3 c6 $15) 14... Bg4 15. f3 (15. Rfe1 $4 Nxe2+ $19) 15... Bf5 16. e4
Be6 $15) 13... Ne6 $11 {Schwarz hat eine bequeme, gleiche Stellung. Im
folgenden kann er den Ne5 mit f6 verjagen.} (13... f6 $6 14. Qxd4 (14. exd4
fxe5 15. Be4 $14) 14... fxe5 15. Qxd8 (15. Qxe5 $4 Qxd2+ 16. Kxd2 Nc4+ $19 {
[%cal Rc4e5,Rc4d2]}) 15... Rxd8 16. Ke2 $14) (13... Nf5 14. Qxd8 Rxd8 15. Rc1
c6 $11) 14. Qxd8 (14. Qc2 $11) 14... Rxd8 15. Ke2 $6 {Gewöhnlich soll der
König im Endspiel in der Mitte stehen. Aber hier wird der weiße König
angreifbar.} (15. Nec4 $11 {Und im folgenden kann Weiß rochieren oder
vielleicht Ke2 ziehen.}) 15... f6 16. Nd3 $6 (16. Nec4 $11) 16... Bd7 $15 {
[%cal Rd7b5,Rb5e2]} 17. Rhc1 (17. Bxb7 Bb5 (17... Rab8 $2 18. Ba6 $16) 18. Bxa8
Bxd3+ 19. Ke1 Rxa8 $17) (17. Nc1 Bb5+ 18. Ke1 Rd7 $15 {[%cal Ga8d8]}) 17... Bb5
{[%csl Gb5,Rd3,Re2][%mdl 2048]} 18. Be4 {Dieser Zug ist unglücklich, aber Weiß
hat nichts anderes.} Ng5 {Schwarz greift die einzige Unterstützung des
d3-Springers an. Es droht 19...Nxe4 mit Figurengewinn.} 19. Rc5 Ba6 (19...
Bxd3+ $5 20. Bxd3 Rxd3 21. Kxd3 Rd8+ 22. Ke2 Rxd2+ $1 23. Kxd2 Ne4+ {[%cal
Re4c5,Re4d2]} 24. Ke2 Nxc5 25. Rc1 Ne6 $17) 20. Rd1 Na4 21. Ra5 Bxd3+ (21...
Nxb2 22. Rxa6 Nxd1 (22... Nxe4 23. Nxe4 Nxd1 24. Ra3 c5 $1 $17) 23. Ra3 Nb2 24.
Nxb2 Rxd2+ 25. Kxd2 Nxe4+ $17) 22. Bxd3 Nxb2 $17 {[%cal Rb2d3,Rb2d1] Schwarz
hat eine gefährliche Bauernmajorität von 3 zu1 am Damenflügel.} 23. Bc4+ Nxc4
24. Nxc4 Rxd1 25. Kxd1 Rd8+ {[%mdl 4096]} 26. Ke2 (26. Kc2 a6 $17) 26... a6 27.
Ra3 Ne4 {Schwarz bringt den Springer ins Spiel - es droht 28...b5 und 29...
Rd2+.} 28. Na5 Rd2+ 29. Ke1 Rb2 {[%csl Gb2,Re1,Ge4]} 30. Rd3 Nd6 (30... Rxf2
31. Rd4 (31. Nxb7 Rxh2 32. Rd8+ Kf7 33. Rd7+ Kg6 $19) 31... Rxa2 32. Nxb7 f5
$19) 31. Rb3 Rxb3 (31... Rxa2 32. Nxb7 Ne4 $19) 32. axb3 $6 (32. Nxb3 b6 $17 {
[%cal Gc7c5]}) 32... Kf7 33. Ke2 (33. b4 Ke6 $19) 33... Ke6 34. Kd3 c5 $19 {
[%csl Ra5] Nach diesem Zug kann sich der a5N nicht mehr befreien und das
Bauernendspiel ist schon eine leichte Aufgabe für Schwarz.} 35. e4 b6 36. Nc4 (
36. Nc6 Kd7 37. Nb8+ Kc7 38. Nxa6+ Kb7 $19) 36... Nxc4 37. bxc4 f5 0-1